000 00846nam a2200265Ia 4500
003 OSt
005 20221005073720.0
006 a|||||r|||| 00| 0
007 ta
008 221004b |||||||| |||| 00| 0 urd d
020 _a9789384973131 (hbk)
_cINR 325.00
024 _a65657
037 _b3786, 06/03/2020, Hi-Tech Book Services
_cTextual
040 _aCRL
_cCRL
_burd
041 _2urd
_aurd
082 _aT(Q7)w, 168Q8
100 _aNadwi Mohsin Usmani Au.
_9608242
245 0 _aMashahir-e-uloom-e-islamia aur mofakkerin wa muslehin
260 _aNew Delhi
_bInstitute of objectives studies India
_c2018
300 _a316p.
_ccm.
650 _a ISLAM
650 _aEDUCATION
942 _hT(Q7)w, 168Q8
_cTEXL
_2cc
999 _c981583
_d981583